مكتبة جامعة عجلون الوطنية

فهرس بحث المكتبة

النقد الفني : دراسة في المفاهيم والتطبيقات (Record no. 33775)

MARC details
000 -LEADER
fixed length control field 00805nam a22002057a 4500
003 - CONTROL NUMBER IDENTIFIER
control field JO-AjAnu
005 - DATE AND TIME OF LATEST TRANSACTION
control field 20241019123825.0
008 - FIXED-LENGTH DATA ELEMENTS--GENERAL INFORMATION
fixed length control field 241019b jo ||||| |||| 00| 0 ara d
020 ## - INTERNATIONAL STANDARD BOOK NUMBER
International Standard Book Number 3-280-76-9957-978
040 ## - CATALOGING SOURCE
Transcribing agency JO-AjAnu
041 ## - LANGUAGE CODE
Language code of original ARA
100 ## - MAIN ENTRY--PERSONAL NAME
Personal name آل وادي، علي شناوة
Relator term مؤلف
9 (RLIN) 66342
245 ## - TITLE STATEMENT
Title النقد الفني : دراسة في المفاهيم والتطبيقات
Statement of responsibility, etc. / علي شناوة آل وادي ؛ سامر قحطان سلمان
260 ## - PUBLICATION, DISTRIBUTION, ETC.
Place of publication, distribution, etc. عمان :
Name of publisher, distributor, etc. دار الرضوان للنشر والتوزيع،
Date of publication, distribution, etc. 2014
300 ## - PHYSICAL DESCRIPTION
Extent 240 صفحة
500 ## - GENERAL NOTE
General note يحتوي هذا الكتاب على صور
650 ## - SUBJECT ADDED ENTRY--TOPICAL TERM
Form subdivision النقد الفني-فلسفة الفن
700 ## - ADDED ENTRY--PERSONAL NAME
Personal name سامر قحطان سلمان
9 (RLIN) 66343
Relator term مؤلف مشارك
942 ## - ADDED ENTRY ELEMENTS (KOHA)
Source of classification or shelving scheme Library of Congress Classification
Koha item type Books
Suppress in OPAC No
Holdings
Withdrawn status Lost status Source of classification or shelving scheme Damaged status Not for loan Home library Current library Date acquired Total Checkouts Full call number Barcode Date last seen Price effective from Koha item type
    Library of Congress Classification     مكتبة جامعة عجلون الوطنية مكتبة جامعة عجلون الوطنية 19/10/2024   N7435.2014 A30101 19/10/2024 19/10/2024 Books